世界の国の正式名称 - Statistics

General Stats
  • This quiz has been taken 275 times
  • The average score is 70 of 196
Answers on the Map
Answers color-coded by a green-red scale on the quiz's map according to % correct below.
 
Answer Stats
略称 正式名称 % Correct
アメリカ アメリカ合衆国
92%
日本 日本国
88%
中国 中華人民共和国
87%
ロシア ロシア連邦
85%
カナダ カナダ
80%
韓国 大韓民国
80%
北朝鮮 朝鮮民主主義人民共和国
80%
イギリス グレートブリテン及び北アイルランド連合王国
67%
フランス フランス共和国
65%
アイルランド アイルランド
59%
タイ タイ王国
57%
メキシコ メキシコ合衆国
57%
スペイン スペイン王国
55%
アラブ首長国連邦 アラブ首長国連邦
54%
イタリア イタリア共和国
54%
台湾 中華民国
53%
ドイツ ドイツ連邦共和国
53%
アイスランド アイスランド
52%
ウクライナ ウクライナ
52%
オーストラリア オーストラリア連邦
52%
ポルトガル ポルトガル共和国
52%
アルゼンチン アルゼンチン共和国
51%
デンマーク デンマーク王国
51%
ニュージーランド ニュージーランド
51%
フィリピン フィリピン共和国
51%
カザフスタン カザフスタン共和国
50%
南アフリカ 南アフリカ共和国
50%
モンゴル モンゴル国
50%
インドネシア インドネシア共和国
49%
ノルウェー ノルウェー王国
49%
スウェーデン スウェーデン王国
48%
トルコ トルコ共和国
48%
フィンランド フィンランド共和国
48%
チリ チリ共和国
47%
インド インド共和国
46%
ポーランド ポーランド共和国
46%
マレーシア マレーシア
45%
エストニア エストニア共和国
44%
オーストリア オーストリア共和国
44%
コンゴ共和国 コンゴ共和国
44%
コンゴ民主共和国 コンゴ民主共和国
44%
スイス スイス連邦
44%
チェコ チェコ共和国
44%
バチカン市国 バチカン市国
44%
ベトナム ベトナム社会主義共和国
44%
ベラルーシ ベラルーシ共和国
44%
リトアニア リトアニア共和国
44%
ギリシャ ギリシャ共和国
43%
ベルギー ベルギー王国
43%
サウジアラビア サウジアラビア王国
42%
パナマ パナマ共和国
42%
ラトビア ラトビア共和国
42%
ウズベキスタン ウズベキスタン共和国
41%
オランダ オランダ王国
41%
キューバ キューバ共和国
41%
スロバキア スロバキア共和国
41%
ネパール ネパール
41%
ブータン ブータン王国
41%
ブラジル ブラジル連邦共和国
41%
ペルー ペルー共和国
41%
トルクメニスタン トルクメニスタン
40%
ブルガリア ブルガリア共和国
40%
モルドバ モルドバ共和国
40%
アゼルバイジャン アゼルバイジャン共和国
39%
キルギス キルギス共和国
39%
コロンビア コロンビア共和国
39%
ドミニカ共和国 ドミニカ共和国
39%
ルーマニア ルーマニア
39%
北マケドニア 北マケドニア共和国
38%
シンガポール シンガポール共和国
38%
セルビア セルビア共和国
38%
マダガスカル マダガスカル共和国
38%
モナコ モナコ公国
38%
アルバニア アルバニア共和国
37%
アルメニア アルメニア共和国
37%
エクアドル エクアドル共和国
37%
カンボジア カンボジア王国
37%
クロアチア クロアチア共和国
37%
スーダン スーダン共和国
37%
スロベニア スロベニア共和国
37%
タジキスタン タジキスタン共和国
37%
パラグアイ パラグアイ共和国
37%
ハンガリー ハンガリー
37%
ボスニア・ヘルツェゴビナ ボスニア・ヘルツェゴビナ
37%
ミクロネシア連邦 ミクロネシア連邦
37%
南スーダン 南スーダン共和国
37%
イエメン イエメン共和国
36%
コソボ コソボ共和国
36%
イラク イラク共和国
35%
エルサルバドル エルサルバドル共和国
35%
ジョージア ジョージア
35%
中央アフリカ 中央アフリカ共和国
35%
ドミニカ国 ドミニカ国
35%
ニカラグア ニカラグア共和国
35%
ハイチ ハイチ共和国
35%
ホンジュラス ホンジュラス共和国
35%
マリ マリ共和国
35%
モンテネグロ モンテネグロ
35%
リヒテンシュタイン リヒテンシュタイン公国
35%
サンマリノ サンマリノ共和国
34%
ベリーズ ベリーズ
34%
マルタ マルタ共和国
34%
アンゴラ アンゴラ共和国
33%
イラン イラン・イスラム共和国
33%
グアテマラ グアテマラ共和国
33%
ジャマイカ ジャマイカ
33%
スリナム スリナム共和国
33%
レソト レソト王国
33%
キプロス キプロス共和国
32%
ケニア ケニア共和国
32%
パラオ パラオ共和国
32%
アンドラ アンドラ公国
31%
ガーナ ガーナ共和国
31%
ジンバブエ ジンバブエ共和国
31%
赤道ギニア 赤道ギニア共和国
31%
セントビンセント・グレナディーン セントビンセント及びグレナディーン諸島
31%
ソロモン諸島 ソロモン諸島
31%
チャド チャド共和国
31%
チュニジア チュニジア共和国
31%
ナウル ナウル共和国
31%
ナミビア ナミビア共和国
31%
ニジェール ニジェール共和国
31%
ウガンダ ウガンダ共和国
30%
コートジボワール コートジボワール共和国
30%
コスタリカ コスタリカ共和国
30%
セネガル セネガル共和国
30%
モロッコ モロッコ王国
30%
アンティグア・バーブーダ アンティグア・バーブーダ
29%
ウルグアイ ウルグアイ東方共和国
29%
オマーン オマーン国
29%
カーボベルデ カーボベルデ共和国
29%
カメルーン カメルーン共和国
29%
ガンビア ガンビア共和国
29%
ギニア ギニア共和国
29%
キリバス キリバス共和国
29%
ザンビア ザンビア共和国
29%
モザンビーク モザンビーク共和国
29%
モルディブ モルディブ共和国
29%
リベリア リベリア共和国
29%
レバノン レバノン共和国
29%
イスラエル イスラエル国
28%
エスワティニ エスワティニ王国
28%
カタール カタール国
28%
ギニアビサウ ギニアビサウ共和国
28%
シエラレオネ シエラレオネ共和国
28%
パキスタン パキスタン・イスラム共和国
28%
バヌアツ バヌアツ共和国
28%
ブルキナファソ ブルキナファソ
28%
ボツワナ ボツワナ共和国
28%
マラウイ マラウイ共和国
28%
ルクセンブルク ルクセンブルク大公国
28%
ルワンダ ルワンダ共和国
28%
クウェート クウェート国
27%
ジブチ ジブチ共和国
27%
ツバル ツバル
27%
バーレーン バーレーン王国
27%
ブルンジ ブルンジ共和国
27%
ベナン ベナン共和国
27%
セントルシア セントルシア
26%
トーゴ トーゴ共和国
26%
トンガ トンガ王国
26%
バルバドス バルバドス
26%
ボリビア ボリビア多民族国
26%
ガボン ガボン共和国
24%
フィジー フィジー共和国
24%
マーシャル諸島 マーシャル諸島共和国
24%
セーシェル セーシェル共和国
23%
エリトリア エリトリア国
22%
バハマ バハマ国
22%
リビア リビア国
22%
トリニダード・トバゴ トリニダード・トバゴ共和国
21%
ベネズエラ ベネズエラ・ボリバル共和国
21%
エジプト エジプト・アラブ共和国
20%
グレナダ グレナダ
20%
ナイジェリア ナイジェリア連邦共和国
20%
パプアニューギニア パプアニューギニア独立国
20%
ミャンマー ミャンマー連邦共和国
20%
モーリシャス モーリシャス共和国
20%
セントクリストファー・ネービス セントクリストファー・ネービス
19%
シリア シリア・アラブ共和国
18%
ソマリア ソマリア連邦共和国
18%
ブルネイ ブルネイ・ダルサラーム国
18%
コモロ コモロ連合
16%
サモア サモア独立国
16%
バングラデシュ バングラデシュ人民共和国
16%
モーリタニア モーリタニア・イスラム共和国
16%
ヨルダン ヨルダン・ハシェミット王国
16%
ラオス ラオス人民民主共和国
16%
スリランカ スリランカ民主社会主義共和国
14%
東ティモール 東ティモール民主共和国
13%
アフガニスタン アフガニスタン・イスラム首長国
12%
アルジェリア アルジェリア民主人民共和国
12%
タンザニア タンザニア連合共和国
12%
ガイアナ ガイアナ協同共和国
10%
エチオピア エチオピア連邦民主共和国
9%
サントメ・プリンシペ サントメ・プリンシペ民主共和国
9%
No matching quizzes found
Score Distribution
Percent of People with Each Score
Percentile by Number Answered
Your Score History
You have not taken this quiz